[Event "GER-ch Net Amateur Gr-C Vor1"]
[Site "Playchess.com INT"]
[Date "2020.04.14"]
[Round "4"]
[White "Guntermann, Erik"]
[Black "Oevermann, Marko"]
[Result "1/2-1/2"]
[WhiteElo "1620"]
[BlackElo "1275"]
[PlyCount "119"]
[EventDate "2020.04.14"]
[EventType "swiss (blitz)"]
[EventRounds "9"]
[EventCountry "GER"]
[SourceTitle "CBM 196 Extra"]
[Source "ChessBase"]
[SourceDate "2020.07.31"]
[SourceVersion "1"]
[SourceVersionDate "2020.07.31"]
[SourceQuality "1"]

1. e4 c5 2. Nf3 g6 3. d4 cxd4 4. Nxd4 Nf6 5. Nc3 d6 6. Bg5 Bg7 7. Bc4 Nc6 8. Nb3 0-0 9. 0-0 Ne5 10. Be2 Bd7 11. f4 Nc6 12. Qd2 Rc8 13. Rad1 h6 14. Bh4 Nb4 15. Bxf6 Bxf6 16. e5 dxe5 17. Qxd7 Qxd7 18. Rxd7 exf4 19. Rxf4 Bxc3 20. bxc3 Rxc3 21. Rxb4 Rxc2 22. Rbxb7 Rxe2 23. Rxe7 Rxa2 24. Rxa7 Rxa7 25. Rxa7 f5 26. Kf2 Rc8 27. Nd4 Rd8 28. Ne6 Rd2+ 29. Kf3 g5 30. h3 Rd6 31. Ng7 Rd3+ 32. Ke2 Rd5 33. Ne6 Re5+ 34. Kf3 Rxe6 35. Ra8+ Kf7 36. Ra7+ Re7 37. Ra6 Re6 38. Ra7+ Kf6 39. Ra8 h5 40. Rh8 h4 41. Rf8+ Ke5 42. Rg8 Kd4 43. Rxg5 Re3+ 44. Kf2 Re4 45. Rxf5 Kd3 46. Rd5+ Kc4 47. Ra5 Kd4 48. Ra4+ Ke5 49. Ra5+ Kf4 50. Ra8 Re5 51. Rf8+ Rf5 52. Rh8 Kg5+ 53. Ke3 Re5+ 54. Kf3 Rf5+ 55. Ke4 Rf4+ 56. Ke3 Rf5 57. Rg8+ Kf6 58. Rf8+ Kg5 59. Ke4 Rf2 60. Rxf2 1/2-1/2